Score 0/40 Timer 08:00
1 Play Today
% Correct
Tin Man
96%
Cowardly Lion
95.5%
Scarecrow
94.9%
Dorothy Gale
93.2%
Frodo Baggins
79.7%
Ron Burgundy
76.3%
Mr. Incredible
75.1%
The Thing
74.4%
Samwise Gamgee
71.2%
Human Torch
62%
Mr. Fantastic
60.1%
Pippin Took
56.3%
Invisible Woman
54.2%
Merry Brandybuck
54%
Violet Parr
52%
Dash Parr
50%
Elastigirl
47.6%
Brick Tamland
42.4%
Peter Venkman
42%
Regina George
39.1%
% Correct
Cady Heron
35.4%
Egon Spengler
35.1%
Alan Garner
32.3%
Gretchen Wieners
29.2%
Raymond Stantz
29%
Stu Price
28.7%
Doug Billings
28.6%
Champ Kind
23.6%
Brian Fantana
22.9%
Phil Wenneck
21.8%
Winston Zeddemore
20.4%
Karen Smith
19.6%
Tallahassee
19.3%
Columbus
15.7%
Wichita
12.3%
Little Rock
10.7%
Chris Chambers
9.6%
Gordie Lachance
8.9%
Vern Tessio
7.3%
Teddy Duchamp
7%
Remove Ads.
Support Sporcle.
Get the best of Sporcle when you Go Orange. This ad-free experience offers more features, more stats, and more fun while also helping to support Sporcle. Thank you for becoming a member.

You're not logged in!

Compare scores with friends on all Sporcle quizzes.
OR
Log In

Sporcle TV

Today on Sporcle TV


Watch our educational content, quiz creation guides, and fun videos on Sporcle TV.

Show Comments

Extras

Top Quizzes Today


Score Distribution

Paid Content

Your Account Isn't Verified!

In order to create a playlist on Sporcle, you need to verify the email address you used during registration. Go to your Sporcle Settings to finish the process.

Report this User

Report this user for behavior that violates our Community Guidelines.

Details: